Notes on meteorology / (Record no. 2879)

000 -LEADER
fixed length control field 00392nam a2200157 4500
008 - FIXED-LENGTH DATA ELEMENTS--GENERAL INFORMATION
fixed length control field 200317b ||||| |||| 00| 0 eng d
082 00 - DEWEY DECIMAL CLASSIFICATION NUMBER
Classification number 551.5
Item number K321
100 ## - MAIN ENTRY--PERSONAL NAME
9 (RLIN) 1932
Personal name Kemp
245 10 - TITLE STATEMENT
Title Notes on meteorology /
250 ## - EDITION STATEMENT
Edition statement 3rd ed.
260 ## - PUBLICATION, DISTRIBUTION, ETC. (IMPRINT)
Place of publication, distribution, etc London
Name of publisher, distributor, etc Stanford Maritime
Date of publication, distribution, etc 1977
300 ## - PHYSICAL DESCRIPTION
Extent 88 p.
650 #0 - SUBJECT ADDED ENTRY--TOPICAL TERM
Topical term or geographic name as entry element Meteorology
700 ## - ADDED ENTRY--PERSONAL NAME
9 (RLIN) 1933
Personal name Young
942 ## - ADDED ENTRY ELEMENTS (KOHA)
Source of classification or shelving scheme
Item type Books
Holdings
Withdrawn status Lost status Source of classification or shelving scheme Damaged status Not for loan Permanent location Current location Date acquired Full call number Barcode Date last seen Koha item type
          IMU Kolkata IMU Kolkata 1978-11-15 551.5 K321 05011 2020-03-17 Books
Designed and Maintained by IMU-KC Library, Kolkata Campus © Copyright All Rights Reserved

webs counters

Powered by Koha